Journals of Dispute: (Record no. 192195)

MARC details
000 -LEADER
fixed length control field 00695nam a22001937a 4500
005 - DATE AND TIME OF LATEST TRANSACTION
control field 20220915112319.0
010 ## - LCCN (DPL NO)
LC control number ENG-135059
020 ## - INTERNATIONAL STANDARD BOOK NUMBER
International Standard Book Number 9788193376119
Terms of availability 250.00
035 ## - SYSTEM CONTROL NUMBER
System control number EN-118591
037 ## - SOURCE OF ACQUISITION
Source of stock number/acquisition DBAD/PUB
082 ## - DEWEY DECIMAL CLASSIFICATION NUMBER
Classification number 303.609541
100 ## - MAIN ENTRY--PERSONAL NAME
Personal name Fernandes, Walter
245 ## - TITLE STATEMENT
Title Journals of Dispute:
Remainder of title Media Coverage of Conflilcts in the Northeast/
Statement of responsibility, etc Walter Fernandes and Bhaswati Borgohain
260 ## - PUBLICATION, DISTRIBUTION, ETC. (IMPRINT)
Place of publication, distribution, etc Guwahati
Name of publisher, distributor, etc North Eastern Social Research Centre
Date of publication, distribution, etc 2017
270 ## - ADDRESS
Address Jagriti 2nd Floor, GMCH Road, Christian Basti
City Guwahati
Postal code 781005
Electronic mail address nesrcghy@gmail.com
300 ## - PHYSICAL DESCRIPTION
Extent viii, 199p.
Dimensions 21cm(pbk)
700 ## - ADDED ENTRY--PERSONAL NAME
Personal name Borgohain, Bhaswati
942 ## - ADDED ENTRY ELEMENTS (KOHA)
Source of classification or shelving scheme Dewey Decimal Classification
Item type English Books
Classification part 303.609541
Call number suffix FER
Holdings
Withdrawn status Lost status Not for loan Collection code Home library Current library Date acquired Source of acquisition Cost, normal purchase price Full call number Barcode Copy number Cost, replacement price Koha item type
      Non-fiction Shahdara Branch Shahdara Branch 13/09/2022 DBAD/PUB 250.00 303.609541 FER EN-118591 1 250.00 English Books

© Delhi Public Library
Hit Counter
free hit counter